[Event "Wroclaw Anderssen Memorial op-A"]
[Site "Wroclaw"]
[Date "2023.08.12"]
[Round "8"]
[White "Skrzypinski, Jan"]
[Black "Maier, Christian"]
[Result "1-0"]
[WhiteElo "2032"]
[BlackElo "2296"]
[PlyCount "45"]
[EventDate "2023.08.06"]
[EventType "swiss"]
[EventRounds "9"]
[EventCountry "POL"]
[SourceTitle "CBM 215 Extra"]
[Source "ChessBase"]
[SourceDate "2023.09.30"]
[SourceVersion "1"]
[SourceVersionDate "2023.09.30"]
[SourceQuality "1"]

1. d4 d5 2. e3 Nf6 3. Bd3 g6 4. Nf3 Bg7 5. 0-0 0-0 6. b4 Nbd7 7. Nbd2 b6 8. Nb3 Ne4 9. c4 c5 10. bxc5 bxc5 11. cxd5 Nc3 12. Qd2 Nxd5 13. Ba3 cxd4 14. Nfxd4 Ne5 15. Bb5 Nc7 16. Rac1 Nxb5 17. Nxb5 Qxd2 18. Nxd2 Rd8 19. Nb3 Bf8 20. N3d4 Bb7 21. Rc7 Bd5 22. Bxe7 Rd7 23. Bf6 1-0

[Event "Wroclaw Anderssen Memorial op-A"]
[Site "Wroclaw"]
[Date "2023.08.08"]
[Round "4"]
[White "Zhuk, Ivan"]
[Black "Maier, Christian"]
[Result "1-0"]
[WhiteElo "2019"]
[BlackElo "2296"]
[PlyCount "51"]
[EventDate "2023.08.06"]
[EventType "swiss"]
[EventRounds "9"]
[EventCountry "POL"]
[SourceTitle "CBM 215 Extra"]
[Source "ChessBase"]
[SourceDate "2023.09.30"]
[SourceVersion "1"]
[SourceVersionDate "2023.09.30"]
[SourceQuality "1"]

1. e4 e5 2. Nf3 Nc6 3. Bb5 a6 4. Ba4 Nf6 5. 0-0 d6 6. Re1 Bd7 7. c3 Be7 8. d4 0-0 9. h3 Re8 10. Nbd2 Bf8 11. Bc2 g6 12. Nf1 Bg7 13. Bg5 h6 14. Bh4 Qb8 15. dxe5 Nxe5 16. Nxe5 Rxe5 17. f4 Re8 18. e5 Nh7 19. Ne3 Nf8 20. Nd5 dxe5 21. fxe5 Rxe5 22. Rxe5 Bxe5 23. Ne7+ Kg7 24. Bxg6 Be6 25. Bf5 Bxf5 26. Nxf5+ 1-0

[Event "Wroclaw Anderssen Memorial op-A"]
[Site "Wroclaw"]
[Date "2023.08.06"]
[Round "2"]
[White "Kukula, Karol"]
[Black "Maier, Christian"]
[Result "1/2-1/2"]
[WhiteElo "1939"]
[BlackElo "2296"]
[PlyCount "86"]
[EventDate "2023.08.06"]
[EventType "swiss"]
[EventRounds "9"]
[EventCountry "POL"]
[SourceTitle "CBM 215 Extra"]
[Source "ChessBase"]
[SourceDate "2023.09.30"]
[SourceVersion "1"]
[SourceVersionDate "2023.09.30"]
[SourceQuality "1"]

1. e4 e5 2. Nf3 Nc6 3. Nc3 Nf6 4. Bb5 Bb4 5. 0-0 0-0 6. d3 Bxc3 7. bxc3 d6 8. Bg5 h6 9. Bxf6 Qxf6 10. Bxc6 bxc6 11. d4 Rb8 12. Qd3 Rb6 13. Rfb1 Ba6 14. Qe3 Rfb8 15. Rb3 exd4 16. cxd4 Bc4 17. Rxb6 Rxb6 18. Nd2 Qe6 19. a3 Ba6 20. Qc3 Qe7 21. f3 Qf6 22. Rb1 Rxb1+ 23. Nxb1 c5 24. dxc5 Qg5 25. Nd2 dxc5 26. g3 h5 27. Kf2 h4 28. Nb3 c4 29. Nd2 hxg3+ 30. hxg3 Qh5 31. Nf1 Bb5 32. Qd4 c5 33. Qd8+ Kh7 34. Qh4 Qxh4 35. gxh4 c3 36. Ne3 Kg6 37. Kg3 Ba4 38. f4 Kf6 39. Kf3 Kg6 40. Kg4 Kh6 41. Nf5+ Kh7 42. Ne3 Kh6 43. Nf5+ Kh7 1/2-1/2

[Event "Shumen Stojan Ivanov Memorial"]
[Site "Shumen"]
[Date "2023.07.29"]
[Round "5"]
[White "Hristov, Petar"]
[Black "Maier, Christian"]
[Result "0-1"]
[WhiteElo "1955"]
[BlackElo "2321"]
[PlyCount "48"]
[EventDate "2023.07.28"]
[EventType "swiss (rapid)"]
[EventRounds "11"]
[EventCountry "BUL"]
[SourceTitle "CBM 215 Extra"]
[Source "ChessBase"]
[SourceDate "2023.09.30"]
[SourceVersion "1"]
[SourceVersionDate "2023.09.30"]
[SourceQuality "1"]

1. e4 e5 2. Nf3 Nc6 3. d4 exd4 4. Nxd4 d6 5. Nc3 Nf6 6. Be2 Be7 7. Be3 Bd7 8. f3 a6 9. g4 Nxd4 10. Qxd4 Be6 11. g5 c5 12. Qd2 Nd7 13. f4 Nb6 14. b3 d5 15. f5 d4 16. fxe6 fxe6 17. Bf4 dxc3 18. Qxc3 0-0 19. Qe5 Rxf4 20. Rd1 Qf8 21. Qxe6+ Kh8 22. Qxb6 Bxg5 23. Rd7 Rxe4 24. Qxb7 Rae8 0-1

[Event "Brasov GP RO"]
[Site "Brasov"]
[Date "2023.07.19"]
[Round "6"]
[White "Maier, Christian"]
[Black "Melinte, Rares Andrei"]
[Result "1/2-1/2"]
[WhiteElo "2300"]
[BlackElo "1999"]
[PlyCount "83"]
[EventDate "2023.07.16"]
[EventType "swiss"]
[EventRounds "9"]
[EventCountry "ROU"]
[SourceTitle "CBM 215 Extra"]
[Source "ChessBase"]
[SourceDate "2023.09.30"]
[SourceVersion "1"]
[SourceVersionDate "2023.09.30"]
[SourceQuality "1"]

1. d4 Nf6 2. Nf3 g6 3. Nc3 d5 4. Bf4 Bg7 5. Qd2 Ne4 6. Nxe4 dxe4 7. Ne5 Nd7 8. Nxd7 Bxd7 9. Bh6 Bxh6 10. Qxh6 c5 11. Qg7 Qa5+ 12. c3 0-0-0 13. Qe5 e3 14. fxe3 Bc6 15. Qxc5 Qxc5 16. dxc5 Rd5 17. Rd1 Rxc5 18. Rg1 Ra5 19. a3 Rb5 20. b4 Re5 21. Kf2 Rf5+ 22. Ke1 Re5 23. Rd3 Bb5 24. Rd4 Rxe3 25. Kd2 Re6 26. c4 Bd7 27. g4 Ra6 28. Rg3 h5 29. g5 Rd6 30. Rxd6 exd6 31. h4 Be6 32. e3 Kd7 33. Rf3 Rc8 34. Rf4 Ke7 35. Bd3 Rc6 36. Be4 Rc7 37. Bd3 Rc6 38. Be4 Ra6 39. Bxb7 Rxa3 40. Be4 Rb3 41. b5 Rb2+ 42. Kc3 1/2-1/2

[Event "Verbandsliga Suedbaden 2223"]
[Site "Germany"]
[Date "2023.01.22"]
[Round "5.5"]
[White "Maier, Christian"]
[Black "Nabavi, Parwis"]
[Result "1/2-1/2"]
[WhiteElo "2290"]
[BlackElo "2188"]
[PlyCount "29"]
[EventDate "2022.09.25"]
[EventType "team-tourn"]
[EventRounds "9"]
[EventCountry "GER"]
[SourceTitle "EXT 2024"]
[Source "ChessBase"]
[SourceDate "2023.10.10"]
[SourceVersion "1"]
[SourceVersionDate "2023.10.10"]
[SourceQuality "1"]
[WhiteTeam "Emmendingen"]
[BlackTeam "Dreisamtal"]
[WhiteTeamCountry "GER"]
[BlackTeamCountry "GER"]

1. d4 d5 2. c4 e6 3. cxd5 exd5 4. Nc3 Nf6 5. Bf4 c6 6. Qc2 Bd6 7. Bxd6 Qxd6 8. e3 Bg4 9. Be2 Bxe2 10. Ngxe2 Nbd7 11. h3 0-0-0 12. 0-0-0 Kb8 13. Qf5 Rhe8 14. Qf4 Nf8 15. Qxd6+ 1/2-1/2

[Event "EU-ch Rapid"]
[Site "Katowice"]
[Date "2022.12.18"]
[Round "8"]
[White "Bartelt, Max Peter"]
[Black "Maier, Christian"]
[Result "0-1"]
[WhiteElo "2026"]
[BlackElo "2315"]
[PlyCount "136"]
[EventDate "2022.12.17"]
[EventType "swiss (rapid)"]
[EventRounds "11"]
[EventCountry "POL"]
[SourceTitle "CBM 211 Extra"]
[Source "ChessBase"]
[SourceDate "2023.01.31"]
[SourceVersion "1"]
[SourceVersionDate "2023.01.31"]
[SourceQuality "1"]

1. d4 Nf6 2. Bg5 e6 3. e4 d5 4. e5 h6 5. Be3 Nfd7 6. c3 c5 7. f4 Nc6 8. Nf3 Be7 9. a3 a6 10. Bd3 cxd4 11. cxd4 Nb6 12. b3 Bd7 13. g4 h5 14. Rg1 hxg4 15. Rxg4 g6 16. Ra2 Na7 17. Nc3 Nb5 18. Ne2 Nxa3 19. Bxg6 fxg6 20. Qd3 Bb5 21. Qxg6+ Kd7 22. f5 Qg8 23. Nf4 Qxg6 24. Rxg6 Rag8 25. Rxe6 Bc6 26. Ng6 Bb4+ 27. Kf2 Rh5 28. Rf6 Nc8 29. e6+ Ke8 30. h4 Nd6 31. Ng5 Nxf5 32. Nf4 Rgxg5 33. hxg5 Rxg5 34. Nd3 Nxe3 35. Kxe3 Be7 36. Rh6 Rg3+ 37. Kf4 Rxd3 38. Rh8+ Bf8 39. Rxa3 Ke7 40. Ra1 Rxd4+ 41. Kf5 Rd2 42. Rah1 Rf2+ 43. Kg4 Bg7 44. R8h7 Kxe6 45. Kg3 Rf7 46. Re1+ Kd6 47. Kg4 Bd7+ 48. Kh5 Bf5 49. Rf1 Ke6 50. Re1+ Be4 51. Re3 Bd4 52. Rxf7 Kxf7 53. Re1 Kf6 54. Kg4 Ke5 55. Kg5 a5 56. Re2 Bc3 57. Rh2 d4 58. Rh8 d3 59. Re8+ Kd4 60. Kf4 Bd2+ 61. Kg3 Bc6 62. Rd8+ Kc3 63. Kf2 Bg5 64. Rd6 Be7 65. Re6 Bc5+ 66. Ke1 Kc2 67. b4 d2+ 68. Kf1 d1Q+ 0-1

[Event "EU-ch Rapid"]
[Site "Katowice"]
[Date "2022.12.18"]
[Round "11"]
[White "Maier, Christian"]
[Black "Cramling, Pia"]
[Result "0-1"]
[WhiteElo "2315"]
[BlackElo "2463"]
[PlyCount "87"]
[EventDate "2022.12.17"]
[EventType "swiss (rapid)"]
[EventRounds "11"]
[EventCountry "POL"]
[SourceTitle "CBM 211 Extra"]
[Source "ChessBase"]
[SourceDate "2023.01.31"]
[SourceVersion "1"]
[SourceVersionDate "2023.01.31"]
[SourceQuality "1"]

1. e4 c5 2. Nf3 e6 3. b4 b6 4. bxc5 bxc5 5. Nc3 Nc6 6. Rb1 d6 7. Bb5 Bd7 8. d4 Nxd4 9. Nxd4 cxd4 10. Qxd4 Nf6 11. 0-0 Be7 12. Ba3 e5 13. Qd3 0-0 14. Bxd6 Bxd6 15. Qxd6 Bxb5 16. Qxd8 Rfxd8 17. Rxb5 Rac8 18. Nd5 Rxc2 19. Nxf6+ gxf6 20. Ra5 Rd4 21. Rxa7 Rxe4 22. h3 Ree2 23. g4 e4 24. Ra3 Kg7 25. Re3 Rxa2 26. Rxe2 Rxe2 27. Rb1 e3 28. fxe3 Rxe3 29. Kg2 Kg6 30. Rb5 Re5 31. Rb8 h5 32. Kg3 Re3+ 33. Kh4 hxg4 34. hxg4 f5 35. Rb6+ f6 36. Rb5 Re5 37. gxf5+ Kxf5 38. Rb6 Re3 39. Ra6 Ke5 40. Ra5+ Kf4 41. Ra4+ Re4 42. Ra6 f5 43. Ra5 Kf3+ 44. Kg5 0-1

[Event "EU-ch Rapid"]
[Site "Katowice"]
[Date "2022.12.18"]
[Round "7"]
[White "Maier, Christian"]
[Black "Paprocki, Jaroslaw"]
[Result "1-0"]
[WhiteElo "2315"]
[BlackElo "2158"]
[PlyCount "89"]
[EventDate "2022.12.17"]
[EventType "swiss (rapid)"]
[EventRounds "11"]
[EventCountry "POL"]
[SourceTitle "CBM 211 Extra"]
[Source "ChessBase"]
[SourceDate "2023.01.31"]
[SourceVersion "1"]
[SourceVersionDate "2023.01.31"]
[SourceQuality "1"]

1. e4 e5 2. Nf3 Nc6 3. Bc4 Bc5 4. c3 Nf6 5. d3 d6 6. Bb3 a6 7. Nbd2 Ba7 8. 0-0 Be6 9. Nc4 h6 10. Be3 b5 11. Ncd2 d5 12. Bxa7 Rxa7 13. exd5 Bxd5 14. Re1 0-0 15. Nxe5 Nxe5 16. Rxe5 Qd6 17. d4 Bxb3 18. axb3 c6 19. b4 Nd5 20. Qf3 Qg6 21. Qe4 f5 22. Qf3 Rf6 23. Nb3 Nb6 24. Nc5 Nc4 25. Re2 f4 26. h3 Kh7 27. Nd3 Rf5 28. b3 Nd6 29. Ne5 Qf6 30. Qxc6 Rg5 31. Nf3 Rg6 32. Rae1 Qf8 33. Re6 Rf6 34. c4 a5 35. c5 Rxe6 36. Rxe6 Nf5 37. bxa5 Rxa5 38. Qe4 Ra1+ 39. Kh2 Qf7 40. d5 g6 41. Qxf4 Rd1 42. Qe5 Rf1 43. Re8 Ng7 44. Re7 Qf8 45. d6 1-0

[Event "EU-ch Rapid"]
[Site "Katowice"]
[Date "2022.12.17"]
[Round "6"]
[White "Bazilius, Augustinas"]
[Black "Maier, Christian"]
[Result "1/2-1/2"]
[WhiteElo "2118"]
[BlackElo "2315"]
[PlyCount "39"]
[EventDate "2022.12.17"]
[EventType "swiss (rapid)"]
[EventRounds "11"]
[EventCountry "POL"]
[SourceTitle "CBM 211 Extra"]
[Source "ChessBase"]
[SourceDate "2023.01.31"]
[SourceVersion "1"]
[SourceVersionDate "2023.01.31"]
[SourceQuality "1"]

1. d4 Nf6 2. c4 g6 3. Nf3 Bg7 4. g3 0-0 5. Bg2 d6 6. 0-0 Nbd7 7. Nc3 e5 8. e4 exd4 9. Nxd4 Re8 10. h3 Nc5 11. Re1 a5 12. b3 Nfd7 13. Bb2 Ne5 14. Re3 Bd7 15. f4 Nc6 16. Nd5 Ne7 17. Qd2 c6 18. Nxe7+ Qxe7 19. Rae1 Qf8 20. Nf3 1/2-1/2

[Event "EU-ch Blitz"]
[Site "Katowice"]
[Date "2022.12.16"]
[Round "9"]
[White "Maier, Christian"]
[Black "Pavlidou, Ekaterini"]
[Result "0-1"]
[WhiteElo "2315"]
[BlackElo "2178"]
[PlyCount "74"]
[EventDate "2022.12.16"]
[EventType "swiss (blitz)"]
[EventRounds "22"]
[EventCountry "POL"]
[SourceTitle "CBM 211 Extra"]
[Source "ChessBase"]
[SourceDate "2023.01.31"]
[SourceVersion "1"]
[SourceVersionDate "2023.01.31"]
[SourceQuality "1"]

1. e4 c5 2. Nf3 e6 3. b4 b6 4. bxc5 bxc5 5. Nc3 Nc6 6. Rb1 Be7 7. Bb5 Bb7 8. 0-0 Qc7 9. Re1 Nf6 10. h3 Nd4 11. d3 0-0 12. Nxd4 cxd4 13. Ne2 e5 14. Ng3 g6 15. Bh6 Rfc8 16. Ba4 d5 17. Qf3 dxe4 18. dxe4 Bc6 19. Bb3 Bd7 20. Nf5 Bxf5 21. exf5 e4 22. Qd1 Qe5 23. fxg6 hxg6 24. Qd2 Rd8 25. Rbd1 Bc5 26. Bf4 Qf5 27. Bh2 e3 28. fxe3 dxe3 29. Qxd8+ Rxd8 30. Rxd8+ Kg7 31. Re2 Ne4 32. Rd5 Qc8 33. Re5 Nc3 34. R2xe3 Bxe3+ 35. Rxe3 Qc5 36. Bf4 Ne2+ 37. Kf2 Nxf4 0-1

[Event "EU-ch Blitz"]
[Site "Katowice"]
[Date "2022.12.16"]
[Round "10"]
[White "Pavlidou, Ekaterini"]
[Black "Maier, Christian"]
[Result "1-0"]
[WhiteElo "2178"]
[BlackElo "2315"]
[PlyCount "85"]
[EventDate "2022.12.16"]
[EventType "swiss (blitz)"]
[EventRounds "22"]
[EventCountry "POL"]
[SourceTitle "CBM 211 Extra"]
[Source "ChessBase"]
[SourceDate "2023.01.31"]
[SourceVersion "1"]
[SourceVersionDate "2023.01.31"]
[SourceQuality "1"]

1. d4 Nf6 2. c4 g6 3. Nc3 Bg7 4. e4 d6 5. Bd3 0-0 6. Nge2 c5 7. d5 e6 8. h3 exd5 9. exd5 Na6 10. 0-0 Nc7 11. a4 b6 12. Bd2 Rb8 13. Qc2 Bd7 14. Bg5 a6 15. Ne4 Nce8 16. Qc1 Qc7 17. N2g3 Nxe4 18. Nxe4 f5 19. Nc3 Nf6 20. Bh6 Be8 21. Bxg7 Qxg7 22. Qf4 Qc7 23. Rae1 Nh5 24. Qg5 Qd8 25. Qh6 Qf6 26. Re6 Qd4 27. Qe3 Qxe3 28. fxe3 Rd8 29. Ne2 Ng7 30. Re7 Rf7 31. Rxf7 Kxf7 32. e4 Bd7 33. exf5 gxf5 34. g4 Bxa4 35. Bxf5 Nxf5 36. Rxf5+ Kg7 37. Nf4 Rd7 38. Ne6+ Kg6 39. Nf8+ Kg7 40. Nxd7 Bxd7 41. Rf3 b5 42. Ra3 bxc4 43. Rxa6 1-0

[Event "Pula op 34th"]
[Site "Pula"]
[Date "2022.06.20"]
[Round "4"]
[White "Seres, Bela"]
[Black "Maier, Christian"]
[Result "1/2-1/2"]
[WhiteElo "2164"]
[BlackElo "2299"]
[PlyCount "55"]
[EventDate "2022.06.18"]
[EventType "swiss"]
[EventRounds "9"]
[EventCountry "CRO"]
[SourceTitle "CBM 209 Extra"]
[Source "ChessBase"]
[SourceDate "2022.09.30"]
[SourceVersion "1"]
[SourceVersionDate "2022.09.30"]
[SourceQuality "1"]

1. e4 e5 2. Nf3 Nc6 3. Bb5 a6 4. Ba4 Nf6 5. 0-0 d6 6. Re1 Be7 7. c3 0-0 8. h3 Re8 9. Bxc6 bxc6 10. d4 exd4 11. cxd4 Nd7 12. Be3 Rb8 13. Qc2 Bb7 14. Nc3 c5 15. dxc5 Nxc5 16. Bxc5 dxc5 17. Rad1 Qc8 18. Nd5 Bxd5 19. Rxd5 Qe6 20. b3 Bd6 21. Qd3 Rbd8 22. e5 Be7 23. Rd1 h6 24. Qe4 Rxd5 25. Rxd5 Bf8 26. Qd3 g6 27. g4 Rb8 28. Kg2 1/2-1/2

[Event "SUI-chT"]
[Site "Switzerland"]
[Date "2022.06.12"]
[Round "3.4"]
[White "Maeser, Fabian"]
[Black "Maier, Christian"]
[Result "1/2-1/2"]
[WhiteElo "2281"]
[BlackElo "2299"]
[PlyCount "62"]
[EventDate "2022.05.01"]
[EventType "team-tourn"]
[EventRounds "9"]
[EventCountry "SUI"]
[SourceTitle "EXT 2023"]
[Source "ChessBase"]
[SourceDate "2022.10.05"]
[SourceVersion "1"]
[SourceVersionDate "2022.10.05"]
[SourceQuality "1"]
[WhiteTeam "Wollishofen"]
[BlackTeam "Reti"]
[WhiteTeamCountry "SUI"]
[BlackTeamCountry "SUI"]

1. e4 e5 2. Nf3 Nf6 3. Nc3 Nc6 4. d4 exd4 5. Nxd4 Bb4 6. Nxc6 bxc6 7. Bd3 d5 8. exd5 cxd5 9. 0-0 0-0 10. h3 c6 11. Qf3 Re8 12. Bf4 Bd6 13. Rfe1 Be6 14. Ne2 Qb8 15. b3 c5 16. Rad1 Bxf4 17. Nxf4 Qb6 18. Re5 c4 19. Bf1 Qd6 20. Ree1 cxb3 21. axb3 Rad8 22. Bd3 Bd7 23. Ra1 Rxe1+ 24. Rxe1 Bc6 25. Nh5 Nxh5 26. Qxh5 g6 27. Qh4 d4 28. Qe7 Qxe7 29. Rxe7 Rd7 30. Re5 Rd5 31. Re7 Rd7 1/2-1/2

[Event "Rottach Egern Seniors Cup 10th"]
[Site "Rottach Egern"]
[Date "2022.03.28"]
[Round "3"]
[White "Zilch, Lothar"]
[Black "Maier, Christian"]
[Result "0-1"]
[WhiteElo "1887"]
[BlackElo "2292"]
[PlyCount "54"]
[EventDate "2022.03.26"]
[EventType "swiss"]
[EventRounds "9"]
[EventCountry "GER"]
[SourceTitle "CBM 207 Extra"]
[Source "ChessBase"]
[SourceDate "2022.05.31"]
[SourceVersion "1"]
[SourceVersionDate "2022.05.31"]
[SourceQuality "1"]

1. c4 e5 2. Nc3 Bb4 3. Nf3 Bxc3 4. bxc3 d6 5. e4 Nf6 6. d3 0-0 7. Be2 Nc6 8. Bg5 h6 9. Bh4 a6 10. a4 Rb8 11. Rb1 Qe7 12. Qd2 Nd8 13. h3 Ne6 14. g4 Bd7 15. g5 hxg5 16. Nxg5 Nf4 17. Rg1 c6 18. f3 d5 19. exd5 cxd5 20. cxd5 N6xd5 21. c4 Nc7 22. d4 Bf5 23. Rb2 Nce6 24. dxe5 Rfd8 25. Qe3 Rd3 26. Qf2 Qa3 27. Nxe6 Qa1+ 0-1

[Event "Rottach Egern Seniors Cup 10th"]
[Site "Rottach Egern"]
[Date "2022.03.27"]
[Round "2"]
[White "Maier, Christian"]
[Black "Zozin, Walter"]
[Result "1-0"]
[WhiteElo "2292"]
[BlackElo "1746"]
[PlyCount "67"]
[EventDate "2022.03.26"]
[EventType "swiss"]
[EventRounds "9"]
[EventCountry "GER"]
[SourceTitle "CBM 207 Extra"]
[Source "ChessBase"]
[SourceDate "2022.05.31"]
[SourceVersion "1"]
[SourceVersionDate "2022.05.31"]
[SourceQuality "1"]

1. e4 c6 2. d4 d6 3. Nc3 Qc7 4. Nf3 Nd7 5. Bc4 h6 6. 0-0 Ngf6 7. Qe2 e5 8. a4 a5 9. Rd1 Be7 10. Ba2 Nf8 11. Qc4 Ne6 12. h3 0-0 13. Be3 Nxe4 14. Nxe4 d5 15. Qe2 exd4 16. Nxd4 Nxd4 17. Bxd4 dxe4 18. Qxe4 Kh8 19. Be5 Qb6 20. Bxg7+ Kxg7 21. Qxe7 Qxb2 22. Bb3 Bf5 23. Qc5 Qf6 24. Rab1 Rfe8 25. Rd6 Qe5 26. Qxe5+ Rxe5 27. g4 Bg6 28. f4 Re7 29. f5 Bxf5 30. gxf5 Kh7 31. f6 Rg8+ 32. Kf2 Re5 33. Bxf7 Rf8 34. Rxb7 1-0

[Event "Rottach Egern Seniors Cup 9th"]
[Site "Rottach Egern"]
[Date "2021.10.28"]
[Round "7"]
[White "Kesseler, Heiko"]
[Black "Maier, Christian"]
[Result "0-1"]
[WhiteElo "2044"]
[BlackElo "2291"]
[PlyCount "84"]
[EventDate "2021.10.22"]
[EventType "swiss"]
[EventRounds "7"]
[EventCountry "GER"]
[SourceTitle "CBM 204 Extra"]
[Source "ChessBase"]
[SourceDate "2021.11.30"]
[SourceVersion "1"]
[SourceVersionDate "2021.11.30"]
[SourceQuality "1"]

1. e4 e5 2. Nf3 Nc6 3. Bb5 Nf6 4. d3 Bc5 5. 0-0 d6 6. c3 Bb6 7. Qe2 0-0 8. Na3 Ne7 9. Nc2 Ng6 10. d4 c6 11. dxe5 dxe5 12. Bc4 h6 13. Rd1 Qe7 14. a4 Nh5 15. g3 Bg4 16. Kg2 Nhf4+ 17. Bxf4 exf4 18. Nce1 fxg3 19. fxg3 Ne5 20. a5 Bc7 21. h3 Bh5 22. Bb3 Rae8 23. Rd4 Kh8 24. g4 Bg6 25. Bc2 Bh7 26. b4 c5 27. Rd5 Ng6 28. Rf5 Nf4+ 29. Rxf4 Bxf4 30. Nd3 Qxe4 31. Qxe4 Bxe4 32. Nxf4 Bxc2 33. bxc5 g5 34. Rc1 Be4 35. Ne2 f5 36. Ned4 fxg4 37. hxg4 Bxf3+ 38. Nxf3 Re2+ 39. Kg3 Re3 40. Rf1 Rxc3 41. Kg2 Rxc5 42. Rf2 Rc3 0-1

[Event "Sanxenxo Carlos op 12th"]
[Site "Sanxenxo"]
[Date "2021.07.04"]
[Round "9"]
[White "Habans Aguerrea, Javier"]
[Black "Maier, Christian"]
[Result "1/2-1/2"]
[WhiteElo "2304"]
[BlackElo "2295"]
[PlyCount "105"]
[EventDate "2021.06.26"]
[EventType "swiss"]
[EventRounds "9"]
[EventCountry "ESP"]
[SourceTitle "CBM 203 Extra"]
[Source "ChessBase"]
[SourceDate "2021.09.30"]
[SourceVersion "1"]
[SourceVersionDate "2021.09.30"]
[SourceQuality "1"]

1. d4 Nf6 2. Bg5 e6 3. e4 d5 4. e5 h6 5. Be3 Nfd7 6. c3 c5 7. Bd3 Nc6 8. Ne2 Qb6 9. b3 cxd4 10. cxd4 Nb4 11. 0-0 Nb8 12. Nbc3 Nxd3 13. Qxd3 Nc6 14. Nf4 Nb4 15. Qd2 Bd7 16. a3 Na6 17. b4 Nc7 18. Rab1 Bb5 19. Nxb5 Nxb5 20. Rb3 a6 21. Nh5 Rc8 22. a4 Na7 23. Qe2 Rc4 24. Qg4 g6 25. Nf6+ Kd8 26. b5 Rxa4 27. Qf3 axb5 28. Rc1 Ba3 29. Rc2 Be7 30. h3 Nc6 31. Ng4 h5 32. Nf6 b4 33. Kh2 Ra3 34. Nxd5 exd5 35. Qxf7 Qb5 36. Rbb2 Rf8 37. Qg7 h4 38. Bg5 Re8 39. Qxg6 Bxg5 40. Qxg5+ Kc8 41. Qg6 Rd8 42. e6 Qd3 43. Qg4 Kb8 44. Qf4+ Ka8 45. Rxc6 bxc6 46. Qc7 Rg8 47. Qxc6+ Ka7 48. Qc7+ Ka6 49. Qc6+ Ka7 50. Qd7+ Ka6 51. Qd6+ Ka7 52. Qc5+ Ka6 53. Qc6+ 1/2-1/2

[Event "WchT Seniors 50"]
[Site "Prague"]
[Date "2020.03.11"]
[Round "6.3"]
[White "Bogumil, Tatiana"]
[Black "Maier, Christian"]
[Result "1/2-1/2"]
[WhiteElo "2182"]
[BlackElo "2294"]
[PlyCount "86"]
[EventDate "2020.03.06"]
[EventType "team-swiss"]
[EventRounds "7"]
[EventCountry "CZE"]
[SourceTitle "CBM 195 Extra"]
[Source "ChessBase"]
[SourceDate "2020.05.31"]
[SourceVersion "1"]
[SourceVersionDate "2020.05.31"]
[SourceQuality "1"]
[WhiteTeam "Russia 50 (W)"]
[BlackTeam "Germany 50 II"]
[WhiteTeamCountry "RUS"]
[BlackTeamCountry "GER"]

1. Nf3 Nc6 2. d4 d6 3. e4 e5 4. h3 exd4 5. Nxd4 Nf6 6. Nxc6 bxc6 7. Bd3 Be7 8. 0-0 0-0 9. c4 Nd7 10. Nc3 Bf6 11. Bd2 Re8 12. Re1 Nc5 13. Bc2 Rb8 14. Rb1 Ne6 15. Ba4 Bd7 16. b4 Be5 17. Ne2 Qh4 18. Bc2 c5 19. bxc5 Nxc5 20. Rxb8 Rxb8 21. f4 Bb2 22. Be3 Qe7 23. Ng3 Bc3 24. Re2 Be6 25. Bd4 Bxd4+ 26. Qxd4 Qh4 27. Nf5 Bxf5 28. exf5 Qf6 29. Qe3 Rf8 30. Kh2 h6 31. g4 Qh4 32. Qd4 a6 33. Qe3 Rb8 34. f6 Ne6 35. fxg7 Qf6 36. Rf2 Qd4 37. Qxd4 Nxd4 38. Be4 Kxg7 39. g5 Rb4 40. Bd3 hxg5 41. fxg5 Nc6 42. c5 a5 43. cxd6 cxd6 1/2-1/2